Ricostruisci la Carriera del Calciatore - Raúl Albiol - Statistics

Statistiche generali
  • Questo quiz è stato fatto 2 volte
  • Il punteggio medio è 4 su 6
Statistiche sulle risposte
Hint Risposta % Corretto
2004-2005 Getafe
100%
2013-2019 Napoli
100%
2019- Villarreal
100%
2009-2013 Real Madrid
50%
2005-2009 Valencia
50%
2003-2004 Valencia
0%
Nessun quiz corrispondente trovato
Distribuzione punteggi
Percentuale di utenti per punteggio
Percentile per numero di risposta
I tuoi punteggi nel tempo
Non hai fatto questo quiz